[Event "THA-ch Rapid"]
[Site "Bangkok"]
[Date "2023.12.06"]
[Round "7"]
[White "Buasroung, Ekasith"]
[Black "Chongstitwattana, Cholapat"]
[Result "0-1"]
[WhiteElo "1328"]
[BlackElo "1405"]
[PlyCount "84"]
[EventDate "2023.12.05"]
[EventType "swiss (rapid)"]
[EventRounds "13"]
[EventCountry "THA"]
[SourceTitle "CB50_2023"]
[SourceDate "2023.12.13"]
[SourceVersion "1"]
[SourceVersionDate "2023.12.13"]
[SourceQuality "1"]

1. e4 c6 2. c4 d5 3. cxd5 cxd5 4. exd5 Nf6 5. Nc3 Nxd5 6. d4 e6 7. Nf3 Bb4 8. Bd2 Qa5 9. Bb5+ Bd7 10. Bxd7+ Nxd7 11. Qb3 Bxc3 12. bxc3 Qb6 13. c4 N5f6 14. c5 Qxb3 15. axb3 0-0 16. b4 Ne4 17. Be3 Ndf6 18. 0-0 Nd5 19. Rab1 Nec3 20. Rb3 Nb5 21. Re1 Rfc8 22. Ne5 h6 23. g4 f6 24. Nd3 Kf7 25. h4 Rd8 26. Rd1 Ne7 27. Nb2 Rd7 28. Nc4 Rad8 29. Rbd3 Nd5 30. Nd6+ Nxd6 31. cxd6 Nxb4 32. Rb3 a5 33. Ra1 b6 34. Rab1 Rxd6 35. Kg2 Nd5 36. Ra1 Rc6 37. Kg3 Rdc8 38. g5 hxg5 39. hxg5 f5 40. f4 Rc3 41. Raa3 Rxb3 42. Rxb3 Rc3 0-1

[Event "ASEAN-ch qual Seniors 17th"]
[Site "Bangkok"]
[Date "2016.04.07"]
[Round "6.1"]
[White "Saeheng, Boonsueb"]
[Black "Buasroung, Ekasith"]
[Result "1-0"]
[WhiteElo "2292"]
[BlackElo "1626"]
[PlyCount "59"]
[EventDate "2016.04.04"]
[EventType "swiss"]
[EventRounds "6"]
[EventCountry "THA"]
[SourceTitle "EXT 2024"]
[Source "ChessBase"]
[SourceDate "2023.10.10"]
[SourceVersion "1"]
[SourceVersionDate "2023.10.10"]
[SourceQuality "1"]

1. d4 Nc6 2. Nf3 Nf6 3. Bf4 Nh5 4. Bd2 d5 5. c4 Nf6 6. Nc3 Bf5 7. a3 e6 8. Qa4 Nd7 9. c5 a6 10. b4 Be7 11. e3 0-0 12. Be2 Bf6 13. 0-0 Ne7 14. Qb3 c6 15. a4 e5 16. dxe5 Nxe5 17. Nd4 Bd7 18. Qc2 Qc8 19. a5 Nf5 20. Nb3 Be6 21. e4 dxe4 22. Nxe4 Be7 23. f4 Bxb3 24. Qxb3 Nd4 25. Qd1 Nxe2+ 26. Qxe2 Nd7 27. Bc3 Qc7 28. Rad1 Rae8 29. Qg4 Nf6 30. Nxf6+ 1-0

[Event "ASEAN-ch qual Seniors 17th"]
[Site "Bangkok"]
[Date "2016.04.05"]
[Round "3.1"]
[White "Buasroung, Ekasith"]
[Black "Saeheng, Boonsueb"]
[Result "0-1"]
[WhiteElo "1626"]
[BlackElo "2292"]
[PlyCount "70"]
[EventDate "2016.04.04"]
[EventType "swiss"]
[EventRounds "6"]
[EventCountry "THA"]
[SourceTitle "EXT 2024"]
[Source "ChessBase"]
[SourceDate "2023.10.10"]
[SourceVersion "1"]
[SourceVersionDate "2023.10.10"]
[SourceQuality "1"]

1. e4 c5 2. d4 cxd4 3. c3 dxc3 4. Nxc3 Nc6 5. Nf3 d6 6. h3 Nf6 7. Bc4 e6 8. 0-0 Be7 9. a3 0-0 10. b4 Nxe4 11. Nxe4 d5 12. Bd3 dxe4 13. Bxe4 Bf6 14. Rb1 Nd4 15. Be3 Nf5 16. Bf4 Ne7 17. Qb3 Nd5 18. Rfd1 Qe7 19. Bg3 Rd8 20. Rbc1 h6 21. Bxd5 exd5 22. Rc7 Qf8 23. Qc2 a5 24. Qb3 axb4 25. axb4 Ra6 26. Nd4 Be7 27. Ne2 Rg6 28. Rd4 b6 29. Qf3 Be6 30. Kh1 Bf6 31. Rd3 d4 32. Qf4 Ba2 33. Nxd4 Qxb4 34. Bh4 Qb1+ 35. Rc1 Qxd3 0-1

[Event "THA-chT"]
[Site "Bangkok"]
[Date "2015.12.12"]
[Round "7.1"]
[White "Buasroung, Ekasith"]
[Black "Sakdavisarak, Komgrib"]
[Result "0-1"]
[WhiteElo "1638"]
[BlackElo "1619"]
[PlyCount "64"]
[EventDate "2015.12.04"]
[EventType "team-swiss"]
[EventRounds "9"]
[EventCountry "THA"]
[SourceTitle "EXT 2017"]
[Source "ChessBase"]
[SourceDate "2016.10.25"]
[SourceVersion "1"]
[SourceVersionDate "2016.10.25"]
[SourceQuality "1"]
[WhiteTeam "Bangapi Board Game"]
[BlackTeam "Aquaman"]
[WhiteTeamCountry "THA"]
[BlackTeamCountry "THA"]

1. e4 c5 2. Nf3 Nc6 3. c3 d6 4. d4 cxd4 5. Nxd4 g6 6. f4 Bg7 7. Be3 Nf6 8. Bd3 0-0 9. 0-0 Ng4 10. Qf3 Nxe3 11. Qxe3 Qb6 12. e5 dxe5 13. Nc2 Qxb2 14. Nd2 Qxc3 15. Ne4 Qa5 16. Rad1 exf4 17. Qxf4 Be6 18. Kh1 Rad8 19. Rf3 Qxa2 20. Ne1 Ne5 21. Bb1 Rxd1 22. Bxa2 Rxe1+ 23. Rf1 Rxf1+ 24. Qxf1 Bxa2 25. Qb5 Nc6 26. h3 Rb8 27. Nc5 Bf8 28. Nd7 Rd8 29. Qxb7 Bd5 30. Nxf8 Kxf8 31. Kg1 h5 32. Kf2 f6 0-1

[Event "THA-chT"]
[Site "Bangkok"]
[Date "2015.12.04"]
[Round "1.2"]
[White "Buasroung, Ekasith"]
[Black "Pornariyasombat, Atippat"]
[Result "0-1"]
[WhiteElo "1638"]
[BlackElo "2084"]
[PlyCount "82"]
[EventDate "2015.12.04"]
[EventType "team-swiss"]
[EventRounds "9"]
[EventCountry "THA"]
[SourceTitle "EXT 2017"]
[Source "ChessBase"]
[SourceDate "2016.10.25"]
[SourceVersion "1"]
[SourceVersionDate "2016.10.25"]
[SourceQuality "1"]
[WhiteTeam "Bangapi Board Game"]
[BlackTeam "East Bangapi"]
[WhiteTeamCountry "THA"]
[BlackTeamCountry "THA"]

1. e4 c5 2. Nf3 g6 3. c3 Bg7 4. d4 cxd4 5. cxd4 d5 6. e5 Nc6 7. Be3 Bg4 8. Nbd2 e6 9. Qa4 Nge7 10. h3 Bxf3 11. Nxf3 0-0 12. Bd3 Qd7 13. Qd1 Rac8 14. a3 Nf5 15. Bxf5 exf5 16. 0-0 h6 17. h4 Nd8 18. Qd2 Kh7 19. Rac1 Ne6 20. g3 Qb5 21. Rxc8 Rxc8 22. Rc1 Rc6 23. Rc3 Bf8 24. Qc2 Qb6 25. Rxc6 Qxc6 26. Qb3 b5 27. Bd2 Qc4 28. Qxc4 bxc4 29. Bc3 Be7 30. Kf1 f6 31. Ke2 g5 32. hxg5 fxg5 33. Nd2 h5 34. Nxc4 dxc4 35. d5 Nf8 36. Bb4 Bxb4 37. axb4 Kg7 38. Kf3 Kf7 39. Kg2 Ng6 40. e6+ Ke7 41. f3 Kd6 0-1